| 000 | 00766nam a22002177a 4500 | ||
|---|---|---|---|
| 005 | 20111103112937.0 | ||
| 010 | _aG-001603 | ||
| 020 |
_c95.00 _a9788189107482 |
||
| 035 | 1 | d | _aG-001603 |
| 037 | _bGift | ||
| 082 | _a658.4 | ||
| 100 |
_aWaite, Rob _935684 |
||
| 245 |
_aThe lost art of general management / _cby Rob Waite |
||
| 260 |
_aBhopal _bIndra Publishing House _c2009 |
||
| 270 |
_aE-5/21, Arera Colony, Habibganj Police Station Road, _bBhopal _e462016 |
||
| 300 |
_aviii, 127p. _c24cm(pbk) |
||
| 500 | _aIncludes index | ||
| 942 |
_2ddc _cEN _h658.4 _mWAI |
||
| 999 |
_c58045 _d58045 |
||